00310nam a22001217a 450000500170000002000100001703500130002703700130004010000170005324500550007026000440012530000190016920120501131328.0 c00.00 aA-806564 aDPLbENG aNaqvi, Saeed aThe last brahmin Prime Minister? /cby Saeed Naqvi aNew DelhibHar-Anand Publicationsc1996 a235p.c20 cms.